Score 0/20 Timer 04:00
0 Plays Today
% Correct
Window
99.3%
Waffle
99.2%
Web
98.8%
Wallet
98.6%
Wagon Wheel
98.4%
Walnut
97.7%
Wristwatch
97.7%
Worm
97.3%
Wig
97.2%
Watermelon
96.7%
% Correct
Walrus
96.7%
Windmill
96.3%
Whale
94.3%
Wolf
93.5%
Wrench
90.8%
Whip
89.2%
Whistle
88.3%
Warthog
80.8%
Wreath
77.4%
Wasabi
69.1%

You're not logged in!

Compare scores with friends on all Sporcle quizzes.
OR
Log In

Sporcle TV

Today on Sporcle TV


Watch our educational content, quiz creation guides, and fun videos on Sporcle TV.

Show Comments

Extras

Top Quizzes Today


Score Distribution

Your Account Isn't Verified!

In order to create a playlist on Sporcle, you need to verify the email address you used during registration. Go to your Sporcle Settings to finish the process.

Report this User

Report this user for behavior that violates our Community Guidelines.

Details: